000
00313nam a2200121Ia 4500
008
210430s9999 xx 000 0 und d
082
_a
512.5 H125 L
100
_a
G.Hadley
245
_a
Linear Programming
_c
G.Hadley
260
_a
Islamabad
_b
National Book Foundation
_c
1930
300
_a
520p
942
_c
BK
_2
ddc
999
_c
562658
_d
562658